[Event "AUTO-BEG-284"]
[Site "http://www.queenalice.com/game.php?id=526525"]
[Date "2009.1.21"]
[Round "1"]
[White "Tropalov"]
[Black "AILA_AILI"]
[Result "1-0"]
[WhiteElo "1576"]
[BlackElo "1165"]

1. d4 d5 2. c4 dxc4 3. Nc3 e6 4. e4 Nc6 5. Nf3 Bb4 6. Bxc4 Bxc3+ 7. bxc3 Nf6 8.
Qc2 O-O 9. O-O Bd7 10. e5 Ng4 11. Ng5 f6 12. Nxe6 Bxe6 13. Bxe6+ Kh8 14. Bxg4
fxe5 15. d5 Ne7 16. Rd1 Nxd5 17. Rb1 Nf4 18. Rxd8 Raxd8 19. Bxf4 Rxf4 20. Rd1
Re8 21. Bf3 c5 22. Bxb7 e4 23. Bxe4 g6 24. f3 g5 25. Rd7 Rg8 26. Rxh7# 1-0

[Event "AUTO-BEG-284"]
[Site "http://www.queenalice.com/game.php?id=526526"]
[Date "2009.1.21"]
[Round "1"]
[White "AILA_AILI"]
[Black "Tropalov"]
[Result "0-1"]
[WhiteElo "1170"]
[BlackElo "1660"]

1. e4 e6 2. Nf3 d5 3. e5 c5 4. Bb5+ Bd7 5. a4 a6 6. Bxd7+ Nxd7 7. d4 cxd4 8.
Qxd4 Ne7 9. c4 Rc8 10. b3 Nc6 11. Qh4 Qxh4 12. Nxh4 dxc4 13. bxc4 Ncxe5 14. O-O
Be7 15. f4 Nd3 16. g3 Rxc4 17. Nd2 Bc5+ 18. Kg2 Rc2 19. Nf3 O-O 20. Ba3 Bxa3 21.
Rxa3 N3c5 22. g4 Nf6 23. g5 Nfe4 24. a5 Nxd2 25. Re1 Nc4+ 26. Kg3 Nxa3 27. h4
Rc3 28. f5 Nc4 29. Kg4 Ne3+ 30. Kg3 Nxf5+ 31. Kg4 Rd8 0-1

[Event "AUTO-BEG-284"]
[Site "http://www.queenalice.com/game.php?id=526551"]
[Date "2009.1.21"]
[Round "1"]
[White "dwrogers"]
[Black "AILA_AILI"]
[Result "0-1"]
[WhiteElo "1495"]
[BlackElo "1075"]

1. e4 e5 2. Bc4 Nc6 3. Nf3 Bc5 4. Nc3 d6 5. O-O Qf6 6. d3 Bg4 7. Nb5 Bb6 8. Bg5
Qg6 9. Be3 Bh3 10. g3 Bxf1 11. Kxf1 Bxe3 12. Nxc7+ Ke7 13. Nxa8 Nf6 14. Nc7 Bb6
15. Nd5+ Nxd5 16. Bxd5 Re8 17. Nh4 Qf6 18. f3 Nd4 19. c3 Nb5 20. Nf5+ Kf8 21.
Bxb7 g6 22. Nh6 Kg7 23. Ng4 Qe7 24. Ba6 Nc7 25. Bc4 h5 26. Ne3 Bxe3 27. Qe2 Bb6
28. b4 Qd7 29. f4 d5 30. exd5 Nxd5 31. Bxd5 Qxd5 32. d4 Qh1+ 33. Kf2 Qxa1 34.
fxe5 Qxc3 0-1

[Event "AUTO-BEG-284"]
[Site "http://www.queenalice.com/game.php?id=526552"]
[Date "2009.1.21"]
[Round "1"]
[White "AILA_AILI"]
[Black "dwrogers"]
[Result "0-1"]
[WhiteElo "1172"]
[BlackElo "1613"]

1. e3 e5 2. Nf3 Nc6 3. d4 e4 4. Ne5 Nxe5 5. dxe5 f6 6. exf6 Nxf6 7. Bc4 d5 8.
Bb3 Ng4 9. O-O Qh4 10. h3 Nf6 11. Nc3 Bxh3 12. gxh3 Bd6 13. Bxd5 Qxh3 14. Re1
Bh2+ 15. Kh1 Bg3+ 16. Kg1 Bh2+ 17. Kh1 Ng4 18. Qxg4 Qxg4 19. Kxh2 O-O-O 20. Rg1
Qh4+ 21. Kg2 Qg5+ 22. Kf1 Qf6 23. Bxe4 Rhf8 24. Rg2 Qa6+ 25. Kg1 Qf6 26. Nd5 Qe6
27. Nc3 Qh6 28. Bf5+ Rxf5 29. e4 Qb6 30. Bd2 Rxd2 31. Nd5 Rfxd5 32. exd5 Qxb2
33. Re1 Rxd5 34. Re7 Qc1+ 35. Kh2 Qf4+ 36. Rg3 b6 37. Rxg7 Qxf2+ 38. Kh3 Qf5+
39. R7g4 Qh5+ 40. Rh4 Qf5+ 41. Rhg4 Qf1+ 42. Rg2 Qf3+ 43. R2g3 Rh5+ 44. Rh4
Rxh4+ 45. Kxh4 Qe4+ 46. Kg5 Qxc2 47. Kh6 Qxa2 48. Kxh7 Qc2+ 49. Kh8 a5 0-1